Państwa według obrazu satelitarnego #2 - Statystyki

Ogólne statystyki
  • Ten quiz został rozwiązany 5 732 razy
  • Średni wynik to 11 z 16
Statystyki odpowiedzi
Obrazkowy Odpowiedź % Poprawnych
Egipt
99%
Cypr
96%
Republika Południowej Afryki
95%
Iran
87%
Kuba
83%
Finlandia
78%
Holandia
73%
Nepal
70%
Izrael
69%
Korea Północna
64%
Bangladesz
63%
Ekwador
54%
Kuwejt
50%
Singapur
49%
Bahrajn
43%
Gwinea Bissau
26%
Nie znaleziono quizów pasujących do podanych kryteriów
Rozkład punktacji
Procent ludzi z każdym wynikiem
Percentyl według liczby udzielonych odpowiedzi
Twoja historia wyników
Nie rozwiązałeś tego quizu